Southville International School and Colleges
Your cart is empty.
  • Cart
  • Lists
    Public lists Eva Luna New books Lux_list list_1
    Your lists Log in to create your own lists
  • Log in to your account
  • Your cookies
  • Search history
Southville International School and Colleges
  • Advanced search
  • Recent comments
  • Most popular
  • Libraries

Log in to your account

Log in with GOOGLE


If you do not have an external account, but do have a local account, you can still log in:

  1. Home
  2. MARC view: Conceptual physical science /
Normal view MARC view ISBD view

Conceptual physical science / (Record no. 289017)

[ view plain ]
MARC details
000 -LEADER
fixed length control field 01100cam a2200337 a 4500
001 - CONTROL NUMBER
control field 16901757
003 - CONTROL NUMBER IDENTIFIER
control field PILC
005 - DATE AND TIME OF LATEST TRANSACTION
control field 20160104090835.0
008 - FIXED-LENGTH DATA ELEMENTS--GENERAL INFORMATION
fixed length control field 110803s2012 maua 001 0 eng
010 ## - LIBRARY OF CONGRESS CONTROL NUMBER
LC control number 2011029644
020 ## - INTERNATIONAL STANDARD BOOK NUMBER
International Standard Book Number 9780321753342 (hbk. : student edition)
020 ## - INTERNATIONAL STANDARD BOOK NUMBER
International Standard Book Number 9780321798336
020 ## - INTERNATIONAL STANDARD BOOK NUMBER
International Standard Book Number 0321798333
040 ## - CATALOGING SOURCE
Original cataloging agency DLC
Transcribing agency DLC
Modifying agency DLC
042 ## - AUTHENTICATION CODE
Authentication code pcc
050 00 - LIBRARY OF CONGRESS CALL NUMBER
Classification number Q 158.5
Item number .H48 2012
082 00 - DEWEY DECIMAL CLASSIFICATION NUMBER
Classification number 500.2
100 1# - MAIN ENTRY--PERSONAL NAME
Personal name Hewitt, Paul G.
245 10 - TITLE STATEMENT
Title Conceptual physical science /
Statement of responsibility, etc Paul G. Hewitt, John Suchocki, Leslie A. Hewitt.
250 ## - EDITION STATEMENT
Edition statement 5th edition.
260 ## - PUBLICATION, DISTRIBUTION, ETC. (IMPRINT)
Place of publication, distribution, etc Boston :
Name of publisher, distributor, etc Pearson,
Date of publication, distribution, etc 2012.
300 ## - PHYSICAL DESCRIPTION
Extent xx, 790 pages :
Other physical details illustrations ;
Dimensions 28 cm.
500 ## - GENERAL NOTE
General note "International edition"--Cover.
500 ## - GENERAL NOTE
General note Includes index.
650 #0 - SUBJECT ADDED ENTRY--TOPICAL TERM
Topical term or geographic name as entry element Physical sciences
Form subdivision Textbooks.
700 1# - ADDED ENTRY--PERSONAL NAME
Personal name Suchocki, John.
700 1# - ADDED ENTRY--PERSONAL NAME
Personal name Hewitt, Leslie A.
906 ## - LOCAL DATA ELEMENT F, LDF (RLIN)
a 7
b cbc
c orignew
d 3
e ecip
f 20
g y-gencatlg
942 ## - ADDED ENTRY ELEMENTS (KOHA)
Source of classification or shelving scheme Library of Congress Classification
Koha item type Books
Call number prefix Foreign
Holdings
Withdrawn status Lost status Source of classification or shelving scheme Damaged status Home library Current library Shelving location Date acquired Source of acquisition Sub Shelving location Total Checkouts Full call number Barcode Date last seen Price effective from Koha item type
    Library of Congress Classification   College Library College Library Reserve Section 01/04/2016 Library Fund     Q 158.5 .H48 2012 C20319 05/15/2018 01/04/2016 Books

Conceptual physical science /

APA

Hewitt P. G., Suchocki J. & Hewitt L. A. (2012). Conceptual physical science. Boston: Pearson.

Chicago

Hewitt Paul G, Suchocki John and Hewitt Leslie A. 2012. Conceptual physical science. Boston: Pearson.

Harvard

Hewitt P. G., Suchocki J. and Hewitt L. A. (2012). Conceptual physical science. Boston: Pearson.

MLA

Hewitt Paul G, Suchocki John and Hewitt Leslie A. Conceptual physical science. Boston: Pearson. 2012.

  • Place hold
  • Print
  • Cite
  • Add to your cart (remove)
  • Save record
    BIBTEX Dublin Core MARCXML MARC (non-Unicode/MARC-8) MARC (Unicode/UTF-8) MARC (Unicode/UTF-8, Standard) MODS (XML) RIS
  • More searches
    Search for this title in:
    Other Libraries (WorldCat) Other Databases (Google Scholar) Online Stores (Bookfinder.com) Open Library (openlibrary.org)

Exporting to Dublin Core...

SOUTHVILLE LIBRARY

Southville International School and Colleges Library

1281 Tropical Ave. Cor. Luxembourg St., BF Homes International, Las Pinas City

Tel. No. 8256374 / 252358 Loc. 117/146

Powered by Koha